00221nam a2200085Ia 450000100070000000500170000700800410002424500600006526000100012565503920250826154529.0250824s9999 xx 000 0 und d 0aRuby Rogers Bu Dünyada Fazlalık mıyım?cSue Limb bALTIN